| 000 | 01070nam a2200229 i 4500 | ||
|---|---|---|---|
| 001 | 163482 | ||
| 003 | ES-MaACL | ||
| 005 | 20260220184637.0 | ||
| 008 | 990503s1847 fr |||| | fre d | ||
| 040 |
_aCCPB | B _bspa _cCCPB | B |
||
| 100 | 0 |
_aRicardo, David. _996854 |
|
| 245 | 1 | 0 |
_aOeuvres complètes de David Ricardo / _ctraduites en français par MM. Constancio et Alc. Fonteyraud augmentées des notes de Jean-Baptiste Say, de nouvelles notes et de commentaires par Malthus, Sismondi, MM. Rosi, Blanqui, etc. et précédés d´une notice biographique sur la vie et les travaux de l´auteur par M. Alcide Fonteyraud. |
| 260 |
_aParis : _bchez Guillaumin et Cie, Libraires, _c1847 ( _eà Saint-Germain-en-Laye : _fde l'Imprimerie de Beau) |
||
| 300 |
_aXLVIII, 752 p. ; _c25 cm. |
||
| 597 | _aAntep. | ||
| 700 | 1 |
_aSay, Jean Baptiste, _d1767-1832 _9132518 |
|
| 700 | 1 |
_aFonteyraud, Alcide, _d1822-1849 _9127108 |
|
| 700 | 1 |
_aFonteyraud, Constancio. _9127109 |
|
| 852 |
_aES-MaACL _jF-4954 _z-- Enc. hol. |
||
| 999 |
_c163482 _d163482 |
||